Flinx's folly : a Pip & Flinx novel (Record no. 424758)

MARC details
000 -LEADER
fixed length control field 00282nam a2200097Ia 4500
082 ## - DEWEY DECIMAL CLASSIFICATION NUMBER
Classification number EF FOST
008 - FIXED-LENGTH DATA ELEMENTS--GENERAL INFORMATION
fixed length control field 210817s9999 xx 000 0 und d
100 ## - MAIN ENTRY--PERSONAL NAME
Personal name FOSTER, Alan Dean New York, 2003 1st ed
9 (RLIN) 99766
245 #0 - TITLE STATEMENT
Title Flinx's folly : a Pip & Flinx novel
942 ## - ADDED ENTRY ELEMENTS
item type Books

No items available.